<?xml version="1.0" encoding="UTF-8"?>
<collection xmlns="http://www.loc.gov/MARC21/slim">
 <record>
  <leader>01271nam a2200205 a 4500</leader>
  <controlfield tag="001">1/36955</controlfield>
  <controlfield tag="008">090224s2008    gr d     b    00010 gre d</controlfield>
  <datafield tag="035" ind1=" " ind2=" ">
   <subfield code="l">39549</subfield>
  </datafield>
  <datafield tag="040" ind1=" " ind2=" ">
   <subfield code="a">GR-PeUP</subfield>
  </datafield>
  <datafield tag="082" ind1="0" ind2="0">
   <subfield code="a">302.23 ΓΕΝ</subfield>
  </datafield>
  <datafield tag="110" ind1="2" ind2=" ">
   <subfield code="a">Υπουργείο Εσωτερικών-Γενική Γραμματεία Επικοινωνιών-Γενική Γραμματεία Ενημέρωσης.</subfield>
  </datafield>
  <datafield tag="245" ind1="1" ind2="2">
   <subfield code="a">&quot;Παιδιά και ΜΜΕ&quot; :</subfield>
   <subfield code="b">Oι ανήλικοι στον κόσμο της επικοινωνίας /</subfield>
   <subfield code="c">Γενική Γραμματεία Επικοινωνίας - Γενική Γραμματεία Ενημέρωσης.</subfield>
  </datafield>
  <datafield tag="260" ind1="0" ind2=" ">
   <subfield code="a">Αθήνα :</subfield>
   <subfield code="b">Γενική Γραμματεία Επικοινωνίας - Γενική Γραμματεία Ενημέρωσης,</subfield>
   <subfield code="c">2008.</subfield>
  </datafield>
  <datafield tag="300" ind1=" " ind2=" ">
   <subfield code="a">143 σ. :</subfield>
   <subfield code="b">σχεδιαγρ. ;</subfield>
   <subfield code="c">23 εκ.</subfield>
  </datafield>
  <datafield tag="504" ind1=" " ind2=" ">
   <subfield code="a">Περιέχει βιβλιογραφία.</subfield>
  </datafield>
  <datafield tag="650" ind1=" " ind2="4">
   <subfield code="a">Μέσα μαζικής ενημέρωσης και παιδιά.</subfield>
  </datafield>
  <datafield tag="650" ind1=" " ind2="4">
   <subfield code="a">Μέσα Μαζικής Ενημέρωσης.</subfield>
  </datafield>
  <datafield tag="650" ind1=" " ind2="4">
   <subfield code="a">Τηλεόραση και παιδιά.</subfield>
  </datafield>
  <datafield tag="650" ind1=" " ind2="4">
   <subfield code="a">Διαδίκτυο (Internet).</subfield>
  </datafield>
  <datafield tag="852" ind1=" " ind2=" ">
   <subfield code="a">INST</subfield>
   <subfield code="b">UNIPILB</subfield>
   <subfield code="c">MAIN</subfield>
   <subfield code="e">20090224</subfield>
   <subfield code="h">302.23 ΓΕΝ</subfield>
   <subfield code="p">00157443</subfield>
   <subfield code="q">00157443</subfield>
   <subfield code="t">LOAN</subfield>
   <subfield code="y">0</subfield>
   <subfield code="4">1</subfield>
  </datafield>
 </record>
</collection>
